000 00478nam a2200169 4500
001 109193
003 ES-MaACL
007 t|
008 061121s1950 fr r ||||1| fre d
100 1 _aMirot, Albert.
_981631
245 1 0 _aManuel de Géographie historique de la France... /
_cAlbert Mirot.
250 _a10ª ed.
260 _aParis :
_bA. et J. Picard,
_c1950.
300 _a314 p. :
_bil. ;
_c23 cm.
505 8 _aEs el tomo 2º
852 _aES-MaACL
_jE-4128
_bR.43248
999 _c109193
_d109193